Erreurs et mensonges historiques. (Record no. 30453)
[ view plain ]
| 000 -LEADER | |
|---|---|
| campo de control de longitud fija | 01000nam a2200241 i 4500 |
| 001 - NÚMERO DE CONTROL | |
| campo de control | 30453 |
| 003 - IDENTIFICADOR DE NÚMERO DE CONTROL | |
| campo de control | ES-MaACL |
| 005 - FECHA Y HORA DE LA ÚLTIMA TRANSACCIÓN | |
| campo de control | 20230906154210.0 |
| 007 - CAMPO FIJO DE DESCRIPCIÓN FÍSICA--INFORMACIÓN GENERAL | |
| campo de control de longitud fija | t| |
| 008 - DATOS DE LONGITUD FIJA--INFORMACIÓN GENERAL | |
| campo de control de longitud fija | 030124q1870 fr ||||1| fre d |
| 100 1# - ENTRADA PRINCIPAL--NOMBRE DE PERSONA | |
| Nombre de persona | Barthélemy, Charles ( |
| Fechas asociadas al nombre | 1825-1888) |
| 9 (RLIN) | 159321 |
| 245 10 - MENCIÓN DEL TÍTULO | |
| Título | Erreurs et mensonges historiques. |
| Número de parte o sección de la obra | Première série / |
| Mención de responsabilidad, etc. | par Ch. Barthelemy. |
| 250 ## - MENCION DE EDICION | |
| Mención de edición | 18e éd. |
| 260 ## - PUBLICACIÓN, DISTRIBUCIÓN, ETC. | |
| Lugar de publicación, distribución, etc. | París : |
| Nombre del editor, distribuidor, etc. | Librairie Blériot, |
| Fecha de publicación, distribución, etc. | [ca. 1870] |
| 300 ## - DESCRIPCIÓN FÍSICA | |
| Extensión | IV, 286 p. ; |
| Dimensiones | 19 cm. |
| 490 1# - MENCIÓN DE SERIE | |
| Mención de serie | Collection Blériot |
| 505 8# - NOTA DE CONTENIDO CON FORMATO | |
| Nota de contenido con formato | Contiene: La papesse Jeanne ; L'Inquisition ; Galilée, martyr de l'Inquisition ; Les rois fainéants ; L'usurpation de Hugues Capet ; La Saint-Barthélémy ; L'homme au masque de fer ; Le père Loriquet ; L'évêque Virgile et les Antipodes. |
| 650 #4 - PUNTO DE ACCESO ADICIONAL DE MATERIA--TÉRMINO DE MATERIA | |
| Término de materia o nombre geográfico como elemento de entrada | Historia- |
| Subdivisión general | Errores, invenciones, etc. |
| 9 (RLIN) | 159334 |
| 651 #4 - PUNTO DE ACCESO ADICIONAL DE MATERIA--NOMBRE GEOGRÁFICO | |
| Nombre geográfico | Francia- |
| Subdivisión general | Historia- |
| -- | Errores, invenciones, etc. |
| 9 (RLIN) | 159322 |
| 830 1# - PUNTO DE ACCESO ADICIONAL DE SERIE-TÍTULO UNIFORME | |
| Título uniforme | Collection Blériot |
| 9 (RLIN) | 181471 |
| 852 4# - LOCALIZACIÓN | |
| Ubicación | ES-MaACL |
| Número de control de estantería | G-123 |
| Estatus retirado | Estado de pérdida | Estado de daño | No para préstamo | Colección | Biblioteca de origen | Biblioteca actual | Ubicación en estantería | Fecha de adquisición | Fuente de adquisición | Total de préstamos | Signatura topográfica completa | Código de barras | Visto por última vez | Precio de reemplazo | Tipo de ítem Koha |
|---|---|---|---|---|---|---|---|---|---|---|---|---|---|---|---|
| Libros del s. XIX | Biblioteca del Ateneo de Madrid | Biblioteca del Ateneo de Madrid | Depósito 2 | 17/01/2008 | G-123 | 1031442 | 23/02/2023 | 23/02/2023 | Libro impreso antiguo |
